[Event "85th ch-UKR 2016"]
[Site "Rivne UKR"]
[Date "2016.12.10"]
[Round "5.1"]
[White "Oleksiyenko, Mykhaylo"]
[Black "Korobov, Anton"]
[Result "0-1"]
[WhiteTitle "GM"]
[BlackTitle "GM"]
[WhiteElo "2615"]
[BlackElo "2692"]
[WhiteFideId "4152417"]
[BlackFideId "14105730"]
[EventDate "2016.12.06"]

1. e4 e6 2. d4 d5 3. Nd2 Be7 4. Bd3 c5 5. dxc5 Nf6 6. Qe2 O-O 7. Ngf3 a5 8. c3
Na6 9. e5 Nd7 10. O-O Naxc5 11. Bc2 b6 12. Re1 Ba6 13. Qd1 Nd3 14. Re3 Nxc1 15.
Rxc1 g6 16. Nb3 b5 17. Nbd4 Qb6 18. h4 b4 19. Ba4 Nc5 20. Nc6 Bd8 21. Nxd8 Rfxd8
22. Nd4 Rac8 23. h5 Ne4 24. Qf3 bxc3 25. bxc3 Qb2 26. Rc2 Qb1+ 27. Kh2 Qb8 28.
Nc6 Rxc6 29. Bxc6 Qxe5+ 30. g3 Rc8 31. Ba4 Rc4 32. Bb3 Ng5 33. Qg2 Rh4+ 34. Kg1
Re4 35. f4 Qf5 36. Rxe4 Nxe4 37. hxg6 hxg6 38. c4 d4 39. Re2 Bb7 40. Bc2 Qc5 41.
Bxe4 d3+ 42. Kf1 Qxc4 43. Bxb7 d2 44. Qe4 d1=Q+ 45. Kf2 Qcc1 0-1

[Event "85th ch-UKR 2016"]
[Site "Rivne UKR"]
[Date "2016.12.10"]
[Round "5.2"]
[White "Solovchuk, Alexey"]
[Black "Areshchenko, Alexander"]
[Result "0-1"]
[BlackTitle "GM"]
[WhiteElo "2409"]
[BlackElo "2678"]
[WhiteFideId "14115220"]
[BlackFideId "14109530"]
[EventDate "2016.12.06"]

1. c4 c5 2. Nc3 Nf6 3. g3 d5 4. cxd5 Nxd5 5. Bg2 Nc7 6. Nf3 Nc6 7. d3 e5 8. Nd2
Be7 9. Nc4 f6 10. f4 exf4 11. Bxf4 Ne6 12. Bxc6+ bxc6 13. Qa4 Nxf4 14. gxf4 Bd7
15. O-O-O O-O 16. Rdf1 Bh3 17. Rfg1 Qd7 18. Rg3 Kh8 19. Rhg1 Rg8 20. e4 Be6 21.
f5 Bxc4 22. Qxc4 Bd6 23. Rg4 Rab8 24. a3 Be5 25. Na4 Bd4 26. R1g2 Rb7 27. Kb1
Qd6 28. Ka2 Rgb8 29. Rc2 Qe7 30. Rgg2 Rb5 31. Nc3 Ra5 32. Ne2 Be5 33. Nc3 Qb7
34. Na4 Bd4 35. Rge2 h6 36. Rg2 Kh7 37. h3 Rb5 38. Kb1 Qe7 39. Ka2 R8b7 40. Rg6
Qe5 41. Rcg2 Qb8 42. b3 Kh8 43. b4 Kh7 44. Nb2 a5 45. Nd1 axb4 46. a4 Ra5 47.
Kb3 Rxa4 48. Kxa4 b3 49. Qa6 Ra7 50. Rxg7+ Rxg7 51. Rxg7+ Kxg7 52. Qa5 Qb7 53.
Nc3 Bxc3 0-1

[Event "85th ch-UKR 2016"]
[Site "Rivne UKR"]
[Date "2016.12.10"]
[Round "5.3"]
[White "Efimenko, Zahar"]
[Black "Kovchan, Alexander"]
[Result "0-1"]
[WhiteTitle "GM"]
[BlackTitle "GM"]
[WhiteElo "2651"]
[BlackElo "2585"]
[WhiteFideId "14107201"]
[BlackFideId "14103052"]
[EventDate "2016.12.06"]

1. e4 c5 2. Nf3 d6 3. d4 cxd4 4. Nxd4 Nf6 5. Nc3 a6 6. a4 g6 7. Be2 Bg7 8. O-O
O-O 9. Be3 Nc6 10. Qd2 Bd7 11. f3 Rc8 12. Nxc6 Bxc6 13. Rfd1 Nd7 14. a5 Qc7 15.
Ra3 Be5 16. b4 Nf6 17. Bb6 Qd7 18. Rb3 Bxc3 19. Rxc3 Bb5 20. Bd4 Bxe2 21. Qxe2
Rxc3 22. Bxc3 Rc8 23. Be1 Qe6 24. Qd3 Nd7 25. c3 Ne5 26. Qd5 Qxd5 27. Rxd5 Nc4
28. Kf2 e6 29. Rd1 f5 30. Ke2 Kf7 31. exf5 gxf5 32. Rd4 e5 33. Rh4 Kg6 34. f4 h5
35. Bf2 Rc7 36. Kd3 e4+ 37. Ke2 Kh6 38. Bd4 Rc8 39. Bf6 Kg6 40. Bd4 Rg8 41. Kf2
Kh6 42. Ba7 Rc8 43. Rh3 Nb2 44. Bd4 Rg8 45. Rh4 Nd3+ 46. Kf1 Kg6 47. Ke2 Rc8 48.
Kd2 Kh6 49. Bf6 Rg8 50. Bg5+ Kg6 51. Rh3 Nb2 52. Rg3 Nc4+ 53. Ke2 Kf7 54. Rh3
Rh8 55. Rg3 b6 56. axb6 Nxb6 57. Bh4 Nd5 58. Rg5 Ke6 59. c4 Nxb4 60. Rg6+ Kd7
61. Rg7+ Kc6 62. Rf7 Rg8 63. g3 Nc2 64. Bf6 Rb8 65. Kd2 Na3 66. Kc3 a5 67. Ra7
e3 68. Re7 a4 69. Kd3 Rb3+ 70. Ke2 Nxc4 71. Ra7 a3 72. Ra4 d5 73. Bd4 Rb8 74.
Ra7 Rb2+ 0-1

[Event "85th ch-UKR 2016"]
[Site "Rivne UKR"]
[Date "2016.12.10"]
[Round "5.4"]
[White "Kravtsiv, Martyn"]
[Black "Kuzubov, Yuriy"]
[Result "1/2-1/2"]
[WhiteTitle "GM"]
[BlackTitle "GM"]
[WhiteElo "2645"]
[BlackElo "2651"]
[WhiteFideId "14113147"]
[BlackFideId "14112906"]
[EventDate "2016.12.06"]

1. e4 c5 2. Nf3 Nc6 3. d4 cxd4 4. Nxd4 Nf6 5. Nc3 e5 6. Ndb5 d6 7. Bg5 a6 8. Na3
b5 9. Nd5 Be7 10. Bxf6 Bxf6 11. c4 b4 12. Nc2 O-O 13. g3 a5 14. Bg2 Bg5 15. O-O
Ne7 16. Nce3 Bxe3 17. Nxe3 Be6 18. Qd3 Qc7 19. Rfd1 Rfd8 20. Rac1 Rac8 21. b3
Qd7 22. Nd5 Nxd5 23. cxd5 Bg4 24. Re1 Qa7 25. Bf1 Rc5 26. Qe3 Rdc8 27. Rc4 Qb8
28. Rec1 Rxc4 29. Rxc4 Rxc4 30. Bxc4 f6 1/2-1/2

[Event "85th ch-UKR 2016"]
[Site "Rivne UKR"]
[Date "2016.12.10"]
[Round "5.5"]
[White "Volokitin, Andrei"]
[Black "Moiseenko, Alexander"]
[Result "1/2-1/2"]
[WhiteTitle "GM"]
[BlackTitle "GM"]
[WhiteElo "2649"]
[BlackElo "2657"]
[WhiteFideId "14107090"]
[BlackFideId "14102560"]
[EventDate "2016.12.06"]

1. e4 c5 2. Nf3 Nc6 3. d4 cxd4 4. Nxd4 e5 5. Nb5 d6 6. c4 Be7 7. N1c3 a6 8. Na3
Be6 9. Nc2 Nf6 10. Be2 O-O 11. O-O Rc8 12. Be3 Nb8 13. b3 b5 14. Nb4 bxc4 15.
Bxc4 Bxc4 16. bxc4 Rxc4 17. Qb3 Rc8 18. Nbd5 Nxd5 19. Nxd5 Bg5 20. Rac1 Rxc1 21.
Rxc1 Nd7 22. Rc6 1/2-1/2

[Event "85th ch-UKR 2016"]
[Site "Rivne UKR"]
[Date "2016.12.10"]
[Round "5.6"]
[White "Bakhmatsky, Vladislav"]
[Black "Shtembuliak, Evgeny"]
[Result "0-1"]
[BlackTitle "IM"]
[WhiteElo "2446"]
[BlackElo "2478"]
[WhiteFideId "14124890"]
[BlackFideId "14113325"]
[EventDate "2016.12.06"]

1. e4 e6 2. d4 d5 3. Nd2 h6 4. Ngf3 Nf6 5. Bd3 c5 6. exd5 exd5 7. dxc5 Bxc5 8.
Nb3 Be7 9. O-O O-O 10. Nfd4 Nc6 11. Nf5 Bxf5 12. Bxf5 Bd6 13. Be3 Re8 14. g3 Ne5
15. Nd2 Qc7 16. c3 Re7 17. Qa4 Bc5 18. Rae1 Rae8 19. Re2 Nc6 20. Bf4 Qb6 21.
Rxe7 Nxe7 22. Bc2 Qxb2 23. Be5 b5 24. Qb3 Qxb3 25. Bxb3 Nd7 26. Bf4 Nb6 27. Nf3
g5 28. Bc1 Nc6 29. Kg2 Kg7 30. Ne1 Nc4 31. Nd3 Bb6 32. a4 a6 33. axb5 axb5 34.
Rd1 N6a5 35. Bc2 Re2 36. Bb1 Nb3 37. Kf1 Nxc1 38. Rxc1 Rd2 39. Ke1 Kf6 40. Rd1
Rxd1+ 41. Kxd1 Ba5 42. Kc2 Na3+ 43. Kb2 Nxb1 44. Kxb1 Bxc3 45. g4 Ke6 46. Kc2 d4
47. Kb3 Kf6 48. Kc2 Kg7 49. h3 h5 50. f3 f5 51. Nf2 h4 52. gxf5 Kf6 53. Nd3 Kxf5
54. Kb3 Bd2 55. Kc2 Bf4 56. Kb3 Bd6 57. Kc2 Ke6 58. Kb2 Kd5 59. Kb3 g4 60. fxg4
Ke4 61. Kc2 Be7 62. Kd2 b4 63. Ke2 b3 64. Kd2 Kf3 0-1

[Event "85th ch-UKR 2016"]
[Site "Rivne UKR"]
[Date "2016.12.11"]
[Round "6.1"]
[White "Korobov, Anton"]
[Black "Shtembuliak, Evgeny"]
[Result "1/2-1/2"]
[WhiteTitle "GM"]
[BlackTitle "IM"]
[WhiteElo "2692"]
[BlackElo "2478"]
[WhiteFideId "14105730"]
[BlackFideId "14113325"]
[EventDate "2016.12.06"]

1. d4 g6 2. e4 Bg7 3. Nc3 c6 4. Bc4 d5 5. exd5 b5 6. Bb3 b4 7. Nce2 cxd5 8. a3
bxa3 9. Rxa3 Nf6 10. Nf3 O-O 11. O-O Nc6 12. Ne5 Bb7 13. Nd3 Ne4 14. c3 Na5 15.
Bc2 Nc4 16. Ra2 e6 17. Ng3 Ned6 18. Re1 Bc6 19. Bf4 Re8 20. Qc1 f6 21. b3 Nb6
22. Qa1 Qe7 23. Bb1 Nf7 24. Rae2 Bd7 25. Qa5 Qd8 26. Nf1 Qc8 27. h4 Qc6 28. h5
g5 29. Bg3 Rac8 30. Qxa7 e5 31. Nb4 Qd6 32. dxe5 fxe5 33. Qa1 d4 34. Be4 Rxc3
35. Nd3 Bg4 36. Ra2 Bxh5 37. b4 Nd5 38. Ra6 Qd8 39. b5 Bg6 40. Rxg6 hxg6 41. Nd2
Ne7 42. Qa6 Qd6 43. b6 Nf5 44. Qb5 Qb8 45. Nc4 N5d6 46. Nxd6 Nxd6 47. Qd5+ Kh7
48. Bxe5 Rxe5 49. Bxg6+ Kxg6 50. Nxe5+ Bxe5 51. Qxe5 Qxb6 52. Qd5 Nf7 53. Re6+
Qxe6 54. Qxe6+ Kg7 55. Qd5 Rc1+ 56. Kh2 Rd1 57. Kg3 d3 58. Qb3 Rh1 59. Qc3+ Kg8
60. Qxd3 Rh6 61. Qc3 Rh4 62. f3 Rf4 63. Kf2 Rh4 64. Ke3 Kf8 65. g3 Rh6 66. Ke4
Rd6 67. Qb2 Kg8 68. Kf5 Kf8 69. Qb7 Kg7 70. Qe7 Rd5+ 71. Ke4 Rd1 72. Qc5 Rd6 73.
Qc3+ Kf8 74. Qb2 Re6+ 75. Kf5 Rd6 76. f4 gxf4 77. gxf4 Rh6 78. Ke4 Nd6+ 79. Kd5
Ne8 80. Ke5 Kf7 81. f5 Kf8 82. Qc1 Rd6 83. Qh1 Kg8 84. Qh2 Kg7 85. Qh5 Kf8 86.
Qh7 Ra6 87. Qd7 Rh6 88. Qb7 Rd6 89. Kf4 Rf6 90. Qb4+ Kf7 91. Kg5 Rd6 92. Qh4 Kf8
93. Qh7 Ra6 94. Qb7 Rd6 95. Qa7 Rf6 96. Qa3+ Kf7 97. Qb3+ Kf8 98. Qb4+ Kf7 99.
Qb5 Rd6 100. Qe5 Kf8 101. Qc5 Kf7 102. Qb4 Rf6 103. Qb3+ Kf8 104. Qa3+ Kf7 105.
Qc3 Rd6 106. Kf4 Rh6 107. Ke5 Kf8 108. Qc1 Rd6 109. Qc5 Kf7 110. Qb4 Rh6 111.
Qa3 Rd6 112. Qb3+ Kf8 113. Qe6 Rxe6+ 1/2-1/2

[Event "85th ch-UKR 2016"]
[Site "Rivne UKR"]
[Date "2016.12.11"]
[Round "6.2"]
[White "Moiseenko, Alexander"]
[Black "Bakhmatsky, Vladislav"]
[Result "1-0"]
[WhiteTitle "GM"]
[WhiteElo "2657"]
[BlackElo "2446"]
[WhiteFideId "14102560"]
[BlackFideId "14124890"]
[EventDate "2016.12.06"]

1. d4 Nf6 2. c4 g6 3. Nc3 d5 4. cxd5 Nxd5 5. e4 Nxc3 6. bxc3 Bg7 7. Qa4+ Qd7 8.
Qb3 O-O 9. Nf3 b6 10. Be3 Bb7 11. Bd3 e5 12. Rd1 exd4 13. cxd4 Nc6 14. O-O Qe7
15. d5 Na5 16. Qb1 c6 17. Bg5 Qd7 18. Rfe1 Rfe8 19. Bd2 cxd5 20. Bxa5 bxa5 21.
Bb5 Bc6 22. Bxc6 Qxc6 23. exd5 Rxe1+ 24. Nxe1 Qb6 25. Qc2 Rd8 26. g3 Qb2 27. Kg2
Qxc2 28. Nxc2 Be5 29. Ne3 Bd6 30. Nc4 a4 31. Kf3 Kf8 32. Ke4 Ke7 33. Rb1 Kf6 34.
Rb7 Bc5 35. Ne5 1-0

[Event "85th ch-UKR 2016"]
[Site "Rivne UKR"]
[Date "2016.12.11"]
[Round "6.3"]
[White "Kuzubov, Yuriy"]
[Black "Volokitin, Andrei"]
[Result "0-1"]
[WhiteTitle "GM"]
[BlackTitle "GM"]
[WhiteElo "2651"]
[BlackElo "2649"]
[WhiteFideId "14112906"]
[BlackFideId "14107090"]
[EventDate "2016.12.06"]

1. Nf3 Nf6 2. c4 b6 3. d4 e6 4. a3 Bb7 5. Nc3 d5 6. cxd5 Nxd5 7. e3 g6 8. h4 Bg7
9. h5 Nd7 10. Bd3 Nxc3 11. bxc3 e5 12. e4 Qe7 13. O-O gxh5 14. a4 a5 15. Ba3 Qf6
16. dxe5 Qf4 17. Nd4 Bxe5 18. Qxh5 O-O-O 19. Be7 Rdg8 20. Ne2 Qg4 21. Qxg4 Rxg4
22. f3 Rg7 23. Ba3 Rhg8 24. Rf2 Nc5 25. Bxc5 bxc5 26. f4 Bf6 27. Rb1 Bh4 28. Rf3
Rxg2+ 29. Kh1 c4 0-1

[Event "85th ch-UKR 2016"]
[Site "Rivne UKR"]
[Date "2016.12.11"]
[Round "6.4"]
[White "Kovchan, Alexander"]
[Black "Kravtsiv, Martyn"]
[Result "0-1"]
[WhiteTitle "GM"]
[BlackTitle "GM"]
[WhiteElo "2585"]
[BlackElo "2645"]
[WhiteFideId "14103052"]
[BlackFideId "14113147"]
[EventDate "2016.12.06"]

1. c4 e6 2. Nc3 d5 3. e3 Nf6 4. Nf3 Bd6 5. b3 O-O 6. Bb2 b6 7. cxd5 Nxd5 8. Nxd5
exd5 9. Be2 Re8 10. O-O Nd7 11. Nd4 Bb7 12. Nf5 Be5 13. d4 Bf6 14. Rc1 a6 15.
Bd3 Nf8 16. Qg4 g6 17. Qg3 Bc8 18. Nh6+ Kg7 19. Ng4 Bxg4 20. Qxg4 c5 21. Rfd1 h5
22. Qg3 cxd4 23. exd4 Ne6 24. Bf1 Rc8 25. Rxc8 Qxc8 26. Qd3 Nf4 27. Qd2 Bg5 28.
Qc3 Qg4 29. Ra1 Ne2+ 30. Bxe2 Rxe2 31. Rf1 Qf5 32. Ba1 Rc2 33. Qb4 Qxf2+ 34.
Rxf2 Rc1+ 35. Rf1 Be3+ 36. Kh1 Rxf1# 0-1

[Event "85th ch-UKR 2016"]
[Site "Rivne UKR"]
[Date "2016.12.11"]
[Round "6.5"]
[White "Areshchenko, Alexander"]
[Black "Efimenko, Zahar"]
[Result "1/2-1/2"]
[WhiteTitle "GM"]
[BlackTitle "GM"]
[WhiteElo "2678"]
[BlackElo "2651"]
[WhiteFideId "14109530"]
[BlackFideId "14107201"]
[EventDate "2016.12.06"]

1. e4 e5 2. Nf3 Nc6 3. Bb5 a6 4. Ba4 Nf6 5. O-O Be7 6. Re1 b5 7. Bb3 d6 8. c3
O-O 9. h3 Nb8 10. d4 Nbd7 11. Bc2 Bb7 12. a4 Re8 13. Nbd2 c5 14. d5 c4 15. b3
cxb3 16. Nxb3 Qc7 17. Be3 Nb6 18. Nbd2 Nfd7 19. axb5 1/2-1/2

[Event "85th ch-UKR 2016"]
[Site "Rivne UKR"]
[Date "2016.12.11"]
[Round "6.6"]
[White "Oleksiyenko, Mykhaylo"]
[Black "Solovchuk, Alexey"]
[Result "1-0"]
[WhiteTitle "GM"]
[WhiteElo "2615"]
[BlackElo "2409"]
[WhiteFideId "4152417"]
[BlackFideId "14115220"]
[EventDate "2016.12.06"]

1. e4 e5 2. Nf3 Nc6 3. Bb5 Nge7 4. O-O a6 5. Bc4 Ng6 6. d4 Be7 7. Nxe5 Ncxe5 8.
dxe5 Nxe5 9. Bb3 O-O 10. Nc3 d6 11. f4 Nc6 12. f5 Ne5 13. Nd5 c6 14. Nxe7+ Qxe7
15. Qh5 Nd7 16. Bg5 Qxe4 17. Rae1 Qd4+ 18. Kh1 Nf6 19. Qf3 d5 20. Be3 Qe4 21.
Qg3 Qg4 22. Qxg4 Nxg4 23. Bc5 Rd8 24. Bb6 Rf8 25. c4 dxc4 26. Bxc4 Bd7 27. Re7
Nf6 28. Rd1 Bxf5 29. Rxb7 Nd5 30. Bc5 Rfb8 31. Bxa6 h5 32. Rxb8+ Rxb8 33. Rd2
Be4 34. Kg1 f5 35. h4 Kf7 36. Bc4 Ra8 37. b3 g5 38. hxg5 Kg6 39. a4 Kxg5 40. Ra2
Nc3 41. Ra3 f4 42. a5 Nb5 43. Ra1 Ra6 44. b4 h4 45. Kf2 Bd5 46. Bd3 Ra8 47. Be7+
Kg4 48. Re1 Nd4 49. Bf6 Nb3 50. Rh1 Nxa5 51. Rxh4# 1-0

[Event "85th ch-UKR 2016"]
[Site "Rivne UKR"]
[Date "2016.12.13"]
[Round "7.1"]
[White "Solovchuk, Alexey"]
[Black "Korobov, Anton"]
[Result "1/2-1/2"]
[BlackTitle "GM"]
[WhiteElo "2409"]
[BlackElo "2692"]
[WhiteFideId "14115220"]
[BlackFideId "14105730"]
[EventDate "2016.12.06"]

1. c4 Nf6 2. Nc3 e6 3. e4 c5 4. d3 Nc6 5. Nge2 d5 6. cxd5 exd5 7. Bg5 Be7 8. Nf4
dxe4 9. dxe4 O-O 10. Qxd8 Rxd8 11. f3 a6 12. Bc4 b5 13. Bxf6 Bxf6 14. Bd5 Bd7
15. Kf2 Bd4+ 16. Ke2 Rab8 17. Rac1 Ne5 18. b3 b4 19. Nd1 g5 20. Nh5 Bb5+ 21. Kd2
Nd3 22. Rc2 Rxd5 23. exd5 Re8 24. Ng3 Re5 25. Ne4 Rxd5 26. Ne3 Rd8 27. Nc4 Nf4
28. Kc1 f5 29. Nxg5 h6 30. Nh3 Nxh3 31. gxh3 Bc6 32. Rf1 Kf7 33. Re2 Kf6 34. h4
f4 35. Kc2 Bd5 36. Nd2 Be3 37. Rfe1 Rg8 38. Kd3 a5 39. Rxe3 fxe3 40. Kxe3 Ke5
41. Rc1 Kd6 42. Ne4+ Bxe4 43. fxe4 Rg2 44. Rd1+ Ke6 1/2-1/2

[Event "85th ch-UKR 2016"]
[Site "Rivne UKR"]
[Date "2016.12.13"]
[Round "7.2"]
[White "Efimenko, Zahar"]
[Black "Oleksiyenko, Mykhaylo"]
[Result "1/2-1/2"]
[WhiteTitle "GM"]
[BlackTitle "GM"]
[WhiteElo "2651"]
[BlackElo "2615"]
[WhiteFideId "14107201"]
[BlackFideId "4152417"]
[EventDate "2016.12.06"]

1. Nf3 Nf6 2. g3 g6 3. b3 Bg7 4. Bb2 O-O 5. Bg2 d5 6. c4 e6 7. O-O b6 8. cxd5
exd5 9. d4 Bb7 10. Nc3 Nbd7 11. Rc1 Qe7 12. e3 a6 13. Qc2 Rac8 14. Ne5 Qe6 15.
Ne2 c6 16. Nf4 Qe7 17. Bh3 a5 18. Rfd1 Rfe8 19. Ba3 Qd8 20. Bd6 Bf8 21. Bxf8
Kxf8 22. Qb2 Qe7 23. Rc2 Kg8 24. Rdc1 Qd6 25. Nfd3 Rc7 26. b4 axb4 27. Nxd7 Nxd7
28. Qxb4 c5 29. dxc5 bxc5 30. Nxc5 Nxc5 31. Rxc5 Rxc5 32. Rxc5 d4 33. exd4 Qe7
34. d5 1/2-1/2

[Event "85th ch-UKR 2016"]
[Site "Rivne UKR"]
[Date "2016.12.13"]
[Round "7.3"]
[White "Kravtsiv, Martyn"]
[Black "Areshchenko, Alexander"]
[Result "1/2-1/2"]
[WhiteTitle "GM"]
[BlackTitle "GM"]
[WhiteElo "2645"]
[BlackElo "2678"]
[WhiteFideId "14113147"]
[BlackFideId "14109530"]
[EventDate "2016.12.06"]

1. e4 c5 2. Nf3 d6 3. d4 cxd4 4. Nxd4 Nf6 5. f3 e5 6. Nb3 d5 7. Bg5 Be6 8. Bxf6
gxf6 9. exd5 Qxd5 10. Qxd5 Bxd5 11. Nc3 Be6 12. O-O-O Nd7 13. Nb5 Kd8 14. Na5
Rb8 15. Bc4 Rg8 16. g3 Bb4 17. Bxe6 fxe6 18. Nc4 a6 19. Nbd6 Kc7 20. a3 1/2-1/2

[Event "85th ch-UKR 2016"]
[Site "Rivne UKR"]
[Date "2016.12.13"]
[Round "7.4"]
[White "Volokitin, Andrei"]
[Black "Kovchan, Alexander"]
[Result "1-0"]
[WhiteTitle "GM"]
[BlackTitle "GM"]
[WhiteElo "2649"]
[BlackElo "2585"]
[WhiteFideId "14107090"]
[BlackFideId "14103052"]
[EventDate "2016.12.06"]

1. e4 c5 2. Nf3 d6 3. d4 cxd4 4. Nxd4 Nf6 5. Nc3 a6 6. h3 e5 7. Nb3 Be6 8. f4 b5
9. Be3 b4 10. Nd5 Nxe4 11. Qd3 f5 12. O-O-O Nd7 13. g4 Ng3 14. Rg1 Nxf1 15.
Rgxf1 fxg4 16. fxe5 dxe5 17. Qe4 Rc8 18. Nb6 Be7 19. hxg4 Rc7 20. Nd4 exd4 21.
Qxe6 Rf8 22. Bxd4 Nxb6 23. Bxb6 Rxf1 24. Rxf1 Qd3 25. Qf7+ Kd7 26. Bxc7 Qe3+ 27.
Kb1 Kxc7 28. Qxg7 a5 29. Qxh7 Qe2 30. Qf7 a4 31. Qf3 Qe6 32. Qf4+ Kc6 33. Qf7
Qe5 34. Qe8+ Kb6 35. Qxa4 Qe2 36. Rh1 Qxg4 37. a3 Qe4 38. Rh6+ Kc7 39. Qa7+ Kc8
40. Rh8+ Bd8 41. Qc5+ 1-0

[Event "85th ch-UKR 2016"]
[Site "Rivne UKR"]
[Date "2016.12.13"]
[Round "7.5"]
[White "Bakhmatsky, Vladislav"]
[Black "Kuzubov, Yuriy"]
[Result "1/2-1/2"]
[BlackTitle "GM"]
[WhiteElo "2446"]
[BlackElo "2651"]
[WhiteFideId "14124890"]
[BlackFideId "14112906"]
[EventDate "2016.12.06"]

1. e4 c5 2. Nf3 d6 3. d4 cxd4 4. Nxd4 Nf6 5. Nc3 a6 6. Bg5 Nbd7 7. Qe2 g6 8.
O-O-O e5 9. Nb3 h6 10. Bd2 b5 11. Nd5 Nxd5 12. exd5 Bg7 13. g4 O-O 14. Bg2 Nb6
15. Na5 Qc7 16. Kb1 e4 17. Bc1 Nxd5 18. Bxe4 Nc3+ 19. bxc3 Qxa5 20. Bb2 Be6 21.
Bd5 Bxd5 22. Rxd5 Rac8 23. Rd3 Rc4 24. Rg1 Ra4 25. a3 Rxa3 26. Bxa3 Qxa3 27. Qd2
b4 28. Qc1 Qa5 29. Qb2 bxc3 30. Qb7 Re8 31. Re3 Rd8 32. Rge1 Be5 33. f4 Bxf4 34.
Re8+ Rxe8 35. Rxe8+ Kg7 36. Re7 Qb5+ 37. Qxb5 axb5 38. h3 Kf6 39. Rb7 Be5 40.
Kc1 Kg5 41. Rxf7 Kh4 42. Rf3 g5 43. Kd1 b4 44. Ke2 Bf4 45. Kf2 d5 46. Ke2 Be5
47. Ke3 Bg3 48. Rf6 Kxh3 49. Rxh6+ Kg2 50. Ke2 Bf2 51. Rf6 Bg1 52. Rf5 Kg3 53.
Rxd5 Kxg4 54. Rb5 Bh2 55. Rxb4+ Kf5 56. Kf3 Bf4 57. Rb5+ Be5 58. Rb4 Bf4 59.
Rb5+ Be5 1/2-1/2

[Event "85th ch-UKR 2016"]
[Site "Rivne UKR"]
[Date "2016.12.13"]
[Round "7.6"]
[White "Shtembuliak, Evgeny"]
[Black "Moiseenko, Alexander"]
[Result "0-1"]
[WhiteTitle "IM"]
[BlackTitle "GM"]
[WhiteElo "2478"]
[BlackElo "2657"]
[WhiteFideId "14113325"]
[BlackFideId "14102560"]
[EventDate "2016.12.06"]

1. e4 c5 2. Nc3 e6 3. Nf3 Nc6 4. d4 cxd4 5. Nxd4 Nf6 6. Nxc6 bxc6 7. e5 Nd5 8.
Ne4 Qc7 9. f4 Rb8 10. c4 Bb4+ 11. Ke2 O-O 12. cxd5 cxd5 13. Nf2 f6 14. exf6 Rxf6
15. Bd2 Ba6+ 16. Kf3 Bxd2 17. Qxd2 Rxb2 18. Rc1 Rxf4+ 0-1

[Event "85th ch-UKR 2016"]
[Site "Rivne UKR"]
[Date "2016.12.14"]
[Round "8.1"]
[White "Korobov, Anton"]
[Black "Moiseenko, Alexander"]
[Result "1/2-1/2"]
[WhiteTitle "GM"]
[BlackTitle "GM"]
[WhiteElo "2692"]
[BlackElo "2657"]
[WhiteFideId "14105730"]
[BlackFideId "14102560"]
[EventDate "2016.12.06"]

1. d4 Nf6 2. c4 e6 3. Nf3 d5 4. Nc3 Bb4 5. Qa4+ Nc6 6. e3 O-O 7. Bd2 dxc4 8.
Bxc4 Bd6 9. Qc2 e5 10. dxe5 Nxe5 11. Nxe5 Bxe5 12. O-O-O Qe7 13. Kb1 Rd8 14. f4
Bxc3 15. Bxc3 Bg4 16. Rxd8+ Rxd8 17. h3 Bd7 18. Rd1 Bc6 19. Rxd8+ Qxd8 20. Bd3
h6 21. a3 Qd5 22. Bxf6 1/2-1/2

[Event "85th ch-UKR 2016"]
[Site "Rivne UKR"]
[Date "2016.12.14"]
[Round "8.2"]
[White "Kuzubov, Yuriy"]
[Black "Shtembuliak, Evgeny"]
[Result "1-0"]
[WhiteTitle "GM"]
[BlackTitle "IM"]
[WhiteElo "2651"]
[BlackElo "2478"]
[WhiteFideId "14112906"]
[BlackFideId "14113325"]
[EventDate "2016.12.06"]

1. Nf3 g6 2. c4 Bg7 3. d4 d6 4. Nc3 c5 5. d5 Bxc3+ 6. bxc3 f5 7. g3 Qa5 8. Nd2
Nf6 9. Bg2 Nbd7 10. O-O Nb6 11. Re1 Bd7 12. e4 O-O-O 13. e5 dxe5 14. Nb3 Qa4 15.
Rxe5 Nxc4 16. Rxe7 Bc6 17. Qe1 Nxd5 18. Re6 Kb8 19. Nxc5 Qc2 20. Bg5 Rc8 21. Rd1
Ncb6 22. Rxc6 bxc6 23. Rxd5 Nxd5 24. Bxd5 Ka8 25. Bb3 Rhe8 26. Be3 Qb2 27. Na4
Qa3 28. Qe2 Rxe3 29. Qxe3 Qd6 30. Nc5 Rb8 31. Ne6 Rb5 32. Nd4 Re5 33. Qf3 Kb7
34. Ba4 Kb6 35. Bxc6 Qc5 36. Bb5 Re1+ 37. Kg2 Rc1 38. Nb3 1-0

[Event "85th ch-UKR 2016"]
[Site "Rivne UKR"]
[Date "2016.12.14"]
[Round "8.3"]
[White "Kovchan, Alexander"]
[Black "Bakhmatsky, Vladislav"]
[Result "1/2-1/2"]
[WhiteTitle "GM"]
[WhiteElo "2585"]
[BlackElo "2446"]
[WhiteFideId "14103052"]
[BlackFideId "14124890"]
[EventDate "2016.12.06"]

1. e4 c5 2. Nf3 d6 3. d4 cxd4 4. Nxd4 Nf6 5. Nc3 a6 6. Be2 e5 7. Nb3 Be7 8. O-O
O-O 9. Be3 Be6 10. Qd2 Nbd7 11. a4 Rc8 12. a5 Qc7 13. Rfd1 Rfe8 14. Qe1 Qc6 15.
Bf3 Ng4 16. Bc1 Ngf6 17. h3 Nf8 18. Bg5 Ng6 19. Nc1 h6 20. Bxf6 Bxf6 21. Nd3 Bd8
22. Kh2 Qd7 23. Qe2 Rc4 24. Bg4 Bxg4 25. hxg4 Qc8 26. g3 Nf8 27. Ne1 Rc5 28. Rd5
Ne6 29. Rxc5 Qxc5 30. Nd5 Nd4 31. Qd1 Nc6 32. Nd3 Qc4 33. f3 Nxa5 34. b4 Nc6 35.
Nb2 Qd4 36. Qxd4 Nxd4 37. Kg2 Bg5 38. c3 Nb5 39. Na4 Rc8 40. Kf2 Rc6 41. Ke2 Nc7
42. Nab6 Ne6 43. Kd3 Bd8 44. Nc4 Kf8 45. Nce3 g6 46. f4 exf4 47. gxf4 Kg7 48. c4
Rc8 49. Rf1 Nf8 50. Kd4 Nd7 51. e5 dxe5+ 52. fxe5 a5 53. c5 b5 54. cxb6 Nxb6 55.
bxa5 Nxd5 56. Kxd5 Bxa5 57. Nc4 Bd2 58. Nd6 Rf8 59. Rb1 Bg5 60. Rb7 Kg8 61. Ke4
Bh4 62. Kd5 Bg3 63. Rb3 Bf4 64. Ke4 Bg5 1/2-1/2

[Event "85th ch-UKR 2016"]
[Site "Rivne UKR"]
[Date "2016.12.14"]
[Round "8.4"]
[White "Areshchenko, Alexander"]
[Black "Volokitin, Andrei"]
[Result "1-0"]
[WhiteTitle "GM"]
[BlackTitle "GM"]
[WhiteElo "2678"]
[BlackElo "2649"]
[WhiteFideId "14109530"]
[BlackFideId "14107090"]
[EventDate "2016.12.06"]

1. e4 e5 2. Nf3 Nf6 3. Nxe5 d6 4. Nf3 Nxe4 5. d4 d5 6. Bd3 Nc6 7. O-O Be7 8.
Nbd2 Nxd2 9. Bxd2 Bg4 10. c3 O-O 11. h3 Bh5 12. g3 Qd7 13. Kg2 Bg6 14. Bxg6 fxg6
15. Bf4 h6 16. Qd3 g5 17. Be5 Rf5 18. Rae1 Raf8 19. Re3 Bd8 20. g4 R5f7 21. Bg3
Be7 22. Rd1 h5 23. gxh5 Rf5 24. Nh2 Bd6 25. Ng4 Bf4 26. Re2 Qf7 27. h6 Ne7 28.
Rde1 Ng6 29. Re6 Bd6 30. R1e2 Rf3 31. Qxg6 Rxg3+ 32. Kf1 Rf3 33. Qxg5 Rxh3 34.
Nf6+ Kh8 35. hxg7+ Qxg7 36. Qxg7+ Kxg7 37. Ne8+ Kf7 38. Nxd6+ cxd6 39. Re7+ Kg6
40. R2e6+ Kg5 41. Rg7+ Kf4 42. Ke2 Rh1 43. Re3 1-0